000 00958nam a2200229 i 4500
001 182344
003 ES-MaACL
005 20250629063151.0
008 130805s1935 sp |||| | spa d
100 1 _aBaroja, Pío,
_d1872-1956
_925752
_eaut
245 1 0 _aDiscurso leído ante la Academia Española en la recepción pública del Sr. D. Pío Baroja.
_bContestación del Excmo. Sr. D. Gregorio Marañón.
260 _aMadrid :
_bEspasa-Calpe,
_c1935.
300 _a126 páginas ;
_c20 cm.
594 _5Título del discurso de Pío Baroja: La formación psicológica de un escritor
700 1 _aMarañón, Gregorio,
_d1887-1960
_976311
_eaut
710 2 _96336
_aReal Academia Española
_ehis
740 3 2 _aLa formación psicológica de un escritor
852 _aES-MaACL
_j2319-F-4
_cDEPOF
_hDonat. herederos de José Prat
_qEjemplar fotocopiado
942 _2udc
_cFOLLETOS
_n0
999 _c182344
_d182344